<?xml version="1.0" encoding="UTF-8"?>
<record
    xmlns:xsi="http://www.w3.org/2001/XMLSchema-instance"
    xsi:schemaLocation="http://www.loc.gov/MARC21/slim http://www.loc.gov/standards/marcxml/schema/MARC21slim.xsd"
    xmlns="http://www.loc.gov/MARC21/slim">

  <leader>00422nam a2200169   4500</leader>
  <controlfield tag="003">SEACOMEC</controlfield>
  <controlfield tag="005">20241227133010.0</controlfield>
  <controlfield tag="008">241227b        |||||||| |||| 00| 0 eng d</controlfield>
  <datafield tag="020" ind1=" " ind2=" ">
    <subfield code="a">9788121923873, </subfield>
    <subfield code="c">250.00</subfield>
  </datafield>
  <datafield tag="040" ind1=" " ind2=" ">
    <subfield code="a">SEACOMEC</subfield>
  </datafield>
  <datafield tag="082" ind1=" " ind2=" ">
    <subfield code="a">513</subfield>
    <subfield code="b">A266</subfield>
  </datafield>
  <datafield tag="100" ind1=" " ind2=" ">
    <subfield code="a">Agrawal ,Ashish</subfield>
  </datafield>
  <datafield tag="245" ind1=" " ind2=" ">
    <subfield code="a">Quick Arithmetic/</subfield>
    <subfield code="c">Ashish Agrawal </subfield>
  </datafield>
  <datafield tag="250" ind1=" " ind2=" ">
    <subfield code="a">2nd ed</subfield>
  </datafield>
  <datafield tag="260" ind1=" " ind2=" ">
    <subfield code="a">New Delhi</subfield>
    <subfield code="b"> S Chand &amp; Co,</subfield>
    <subfield code="c">2007</subfield>
  </datafield>
  <datafield tag="942" ind1=" " ind2=" ">
    <subfield code="c">BOOK</subfield>
  </datafield>
  <datafield tag="952" ind1=" " ind2=" ">
    <subfield code="0">0</subfield>
    <subfield code="1">0</subfield>
    <subfield code="2">ddc</subfield>
    <subfield code="4">0</subfield>
    <subfield code="7">0</subfield>
    <subfield code="a">SEACOMEC</subfield>
    <subfield code="b">SEACOMEC</subfield>
    <subfield code="d">2008-05-23</subfield>
    <subfield code="l">0</subfield>
    <subfield code="o">513 A266</subfield>
    <subfield code="p">11575</subfield>
    <subfield code="r">2024-12-27 13:30:30</subfield>
    <subfield code="w">2024-12-27</subfield>
    <subfield code="y">BOOK</subfield>
  </datafield>
  <datafield tag="952" ind1=" " ind2=" ">
    <subfield code="0">0</subfield>
    <subfield code="1">0</subfield>
    <subfield code="2">ddc</subfield>
    <subfield code="4">0</subfield>
    <subfield code="7">0</subfield>
    <subfield code="a">SEACOMEC</subfield>
    <subfield code="b">SEACOMEC</subfield>
    <subfield code="d">2008-05-23</subfield>
    <subfield code="l">0</subfield>
    <subfield code="o">513 A266</subfield>
    <subfield code="p">11576</subfield>
    <subfield code="r">2024-12-27 13:30:30</subfield>
    <subfield code="t">1</subfield>
    <subfield code="w">2024-12-27</subfield>
    <subfield code="y">BOOK</subfield>
  </datafield>
  <datafield tag="952" ind1=" " ind2=" ">
    <subfield code="0">0</subfield>
    <subfield code="1">0</subfield>
    <subfield code="2">ddc</subfield>
    <subfield code="4">0</subfield>
    <subfield code="7">0</subfield>
    <subfield code="a">SEACOMEC</subfield>
    <subfield code="b">SEACOMEC</subfield>
    <subfield code="d">2008-05-23</subfield>
    <subfield code="l">0</subfield>
    <subfield code="o">513 A266</subfield>
    <subfield code="p">11577</subfield>
    <subfield code="r">2024-12-27 13:30:30</subfield>
    <subfield code="t">2</subfield>
    <subfield code="w">2024-12-27</subfield>
    <subfield code="y">BOOK</subfield>
  </datafield>
  <datafield tag="999" ind1=" " ind2=" ">
    <subfield code="c">1917</subfield>
    <subfield code="d">1917</subfield>
  </datafield>
</record>
